| 000 | 00512nam a2200181Ia 4500 | ||
|---|---|---|---|
| 003 | GCL | ||
| 005 | 20240530100645.0 | ||
| 008 | 140319s9999 xx 000 0 eng d | ||
| 040 |
_aGCL / _cGCL |
||
| 082 | 0 | 4 |
_a932 _bCC\C V |
| 100 | 1 | _aCAPART, JEAN | |
| 245 | 1 | 0 |
_aVISIONS DE L'EGYPTE ANCIENNE SIL COUSERIES RADIAPHONIQUES / _cCAPART, JEAN |
| 260 |
_a[S.N] : _bFONDATION EGYPTOLOGIQUE REINE ELESABETH ، _c1940 |
||
| 300 | _a79 P | ||
| 650 | 0 | 4 | _aANCIENT EGYPT |
| 650 | 0 | 4 | _aEGYPT - HISTORY |
| 942 |
_2ddc _cBK |
||
| 999 |
_c19320 _d19320 |
||